000 01121nam a2200265 a 4500
001 38890
003 BD-RjUL
005 20211209052858.0
008 160424s2004 bg |||er|||| 00| 0 ben d
020 _a9840744321
_c: Tk.110.00
035 _a(BD-RjUL)39000
040 _bben
_aBD-RjUL
_cBD-RjUL
041 _aben
082 _223
_a301.01
_bHOS 2004
100 _aহোলজ্, হানস্ হাইনজ্
_9119969
245 1 0 _aসমাজ দর্শন ও পরিবর্তন /
_c হানস্ হাইনজ্ হোলজ্ ; অনুবাদ হাসানুজ্জামান চৌধুরী
260 _aঢাকা :
_bবাংলা একাডেমী,
_c২০০৪
300 _a[৮], ২০৭ পৃ. ;
_c২২ সেমি.
490 _aবাএ :
_v৪৪২৩
650 _aসমাজবিজ্ঞান
_9119970
_vদর্শন
650 _aSociology
_9119971
_vPhilosophy
700 _aচৌধুরী, হাসানুজ্জামান, অনুবাদক
_9119994
830 _aবাএ :
_v৪৪২৩
_9123761
942 _2ddc
_cBK
999 _c38890
_d38890